[Event "London Mindsports Blitz"]
[Site "London"]
[Date "2022.09.11"]
[Round "9.7"]
[White "Leslie Smith, Lance"]
[Black "Larski, Stanislav"]
[Result "1-0"]
[WhiteElo "1503"]
[BlackElo "2111"]
[PlyCount "83"]
[EventDate "2022.09.11"]
[EventType "swiss (blitz)"]
[EventRounds "9"]
[EventCountry "ENG"]
[SourceTitle "CBM 210 Extra"]
[Source "ChessBase"]
[SourceDate "2022.11.30"]
[SourceVersion "1"]
[SourceVersionDate "2022.11.30"]
[SourceQuality "1"]

1. Nf3 Nf6 2. d4 c5 3. c3 g6 4. Bf4 cxd4 5. cxd4 Bg7 6. e3 0-0 7. h3 Qb6 8. Qb3 Qxb3 9. axb3 d6 10. Nbd2 Nc6 11. Be2 Be6 12. 0-0 h5 13. Ra4 a6 14. Rfa1 Rac8 15. b4 Na7 16. Ne1 Rc7 17. b5 Nxb5 18. Bxb5 axb5 19. Ra7 Rfc8 20. R1a5 Rc1 21. Kf1 R8c2 22. Ndf3 Bc4+ 23. Kg1 Ne4 24. Bg3 Nd2 25. Kh2 Rxb2 26. Nxd2 Rxd2 27. Nf3 Rb2 28. Rxb7 Kh7 29. Rxe7 b4 30. Bf4 Rxf2 31. Kg3 Rcc2 32. Nh4 Bd5 33. Rxd5 b3 34. Rb7 b2 35. Rdb5 Bf6 36. Rxf7+ Kg8 37. Rxf6 Rf1 38. Rxg6+ Kf7 39. Rb7+ Kf8 40. Bxd6+ Ke8 41. Rg8+ Rf8 42. Rxf8# 1-0

[Event "RSA-ch U16"]
[Site "Gauteng"]
[Date "2017.04.09"]
[Round "8"]
[White "Van der Westhuizen, Donald"]
[Black "Leslie Smith, Lance"]
[Result "1-0"]
[WhiteElo "1505"]
[BlackElo "1318"]
[PlyCount "79"]
[EventDate "2017.04.05"]
[EventType "swiss"]
[EventRounds "11"]
[EventCountry "RSA"]
[SourceTitle "CBM 177 Extra"]
[Source "ChessBase"]
[SourceDate "2017.04.27"]
[SourceVersion "1"]
[SourceVersionDate "2017.04.27"]
[SourceQuality "1"]

1. d4 Nf6 2. c4 e6 3. Nc3 Bb4 4. e3 c5 5. Nge2 Ne4 6. Qc2 cxd4 7. exd4 Nxc3 8. Nxc3 0-0 9. a3 Bxc3+ 10. Qxc3 b6 11. Qf3 d5 12. Bd3 Bb7 13. 0-0 Nd7 14. Qh3 g6 15. cxd5 Bxd5 16. Bh6 Re8 17. Rac1 Qe7 18. Rc7 Rec8 19. Rfc1 Rxc7 20. Rxc7 Qd6 21. Rc1 Bb7 22. Qh4 a6 23. Be2 f6 24. Be3 Rc8 25. Rxc8+ Bxc8 26. Bf3 e5 27. Qe4 exd4 28. Bxd4 Ne5 29. Qd5+ Qxd5 30. Bxd5+ Kf8 31. Bxb6 Ke7 32. Bc5+ Kd7 33. Bd4 Kd6 34. Bg8 h6 35. Kf1 Bb7 36. Bb3 Nd7 37. g3 Ne5 38. Bxe5+ Kxe5 39. f4+ Kd6 40. h4 1-0

[Event "RSA-ch U16"]
[Site "Gauteng"]
[Date "2017.04.07"]
[Round "5"]
[White "Du Plessis, Jan"]
[Black "Leslie Smith, Lance"]
[Result "0-1"]
[WhiteElo "1440"]
[BlackElo "1318"]
[PlyCount "96"]
[EventDate "2017.04.05"]
[EventType "swiss"]
[EventRounds "11"]
[EventCountry "RSA"]
[SourceTitle "CBM 177 Extra"]
[Source "ChessBase"]
[SourceDate "2017.04.27"]
[SourceVersion "1"]
[SourceVersionDate "2017.04.27"]
[SourceQuality "1"]

1. e4 c5 2. c3 d6 3. d4 cxd4 4. cxd4 Nf6 5. Nc3 g6 6. Nf3 Bg4 7. h3 Bxf3 8. Qxf3 Nbd7 9. Bc4 Qc7 10. Bb3 Bg7 11. 0-0 0-0 12. Be3 Rac8 13. Rac1 Qb8 14. Rc2 a6 15. Rfc1 e6 16. d5 e5 17. a3 Rc7 18. Qe2 Rfc8 19. f3 Nc5 20. Ba2 b5 21. b4 Ncd7 22. Nb1 Ne8 23. Qd1 Nb6 24. Bb3 Rxc2 25. Rxc2 Bf8 26. Rxc8 Nxc8 27. Qc2 Qb7 28. Qc6 Qxc6 29. dxc6 Nc7 30. Nc3 Be7 31. Nd5 Nxd5 32. Bxd5 Bd8 33. Bh6 Nb6 34. Be3 Nxd5 35. exd5 f5 36. Ba7 Bc7 37. Kf2 Kf7 38. Ke3 h5 39. h4 g5 40. hxg5 f4+ 41. Kf2 Kg6 42. Kg1 Kxg5 43. Kh2 Kf5 44. Kh3 e4 45. g4+ fxg3 46. Kxg3 exf3 47. Kxf3 Ke5 48. Kg3 Kxd5 0-1

[Event "Durban Ethekwini op"]
[Site "Durban"]
[Date "2017.03.19"]
[Round "4"]
[White "Chetty, Cailin"]
[Black "Leslie Smith, Lance"]
[Result "1-0"]
[WhiteElo "1754"]
[BlackElo "1318"]
[PlyCount "59"]
[EventDate "2017.03.18"]
[EventType "swiss"]
[EventRounds "7"]
[EventCountry "RSA"]
[SourceTitle "CBM 177 Extra"]
[Source "ChessBase"]
[SourceDate "2017.04.27"]
[SourceVersion "1"]
[SourceVersionDate "2017.04.27"]
[SourceQuality "1"]

1. e4 c5 2. Nf3 Nc6 3. d4 cxd4 4. Nxd4 Nf6 5. Nc3 e5 6. Ndb5 d6 7. Nd5 Nxd5 8. exd5 Nb8 9. c4 Be7 10. Be2 0-0 11. 0-0 f5 12. f4 a6 13. Nc3 e4 14. Be3 g5 15. Kh1 gxf4 16. Bxf4 Kh8 17. Qd4+ Bf6 18. Qe3 Qe7 19. Na4 Nd7 20. Rac1 Be5 21. Bg5 Qg7 22. Bh6 Qg6 23. Bxf8 Nxf8 24. Nb6 Rb8 25. Nxc8 Rxc8 26. Qh3 Rb8 27. Rxf5 Bxb2 28. Rcf1 Bg7 29. Qe3 Re8 30. Bh5 1-0